| 000 | 00557 a2200157 4500 | ||
|---|---|---|---|
| 999 |
_c442 _d442 |
||
| 008 | 221229b ||||| |||| 00| 0 eng d | ||
| 020 | _a9781856096942 | ||
| 082 | 0 | 0 |
_a623.824 _bT8779 |
| 110 |
_92794 _aTanker Structure Co-operative Forum |
||
| 245 | _aGuidance manual for tanker structures: inc. Guidelines for the Inspection and Maintenance of Double Hull Tanker Structure / | ||
| 250 | _a1st ed. | ||
| 260 |
_aScotland: _bWitherby Seamanship International, _c2016. |
||
| 300 | _avii, 413 p. | ||
| 650 | 0 | _aTankers--Maintenance and repair | |
| 942 |
_2ddc _cBK |
||